Ensayos sobre banca central en Colombia (Registro nro. 12064)

Detalles MARC
000 -LEADER
fixed length control field 02547cam a2200277 a 4500
003 - CONTROL NUMBER IDENTIFIER
control field OSt
005 - DATE AND TIME OF LATEST TRANSACTION
control field 20210729141543.0
008 - FIXED-LENGTH DATA ELEMENTS--GENERAL INFORMATION
fixed length control field 040712t 2003ck a r 000 0 spa d
020 ## - INTERNATIONAL STANDARD BOOK NUMBER
International Standard Book Number 9580473935
040 ## - CATALOGING SOURCE
Original cataloging agency CO-BoPUJ
Transcribing agency CO-JMCR
041 0# - LANGUAGE CODE
Language code of text/sound track or separate title spa
082 04 - DEWEY DECIMAL CLASSIFICATION NUMBER
Classification number 332.11 /
Item number k145E
Edition number 23
100 1# - MAIN ENTRY--PERSONAL NAME
Personal name Kalmanovitz Krauter, Salomón
Dates associated with a name 1943-
9 (RLIN) 38887
245 10 - TITLE STATEMENT
Title Ensayos sobre banca central en Colombia
Remainder of title comportamiento, independencia e historia
Statement of responsibility, etc. Salomón Kalmanovitz Krauter
250 ## - EDITION STATEMENT
Edition statement 1a ed.
260 ## - PUBLICATION, DISTRIBUTION, ETC.
Place of publication, distribution, etc. Bogotá
Name of publisher, distributor, etc. Norma
Date of publication, distribution, etc. c2003.
300 ## - PHYSICAL DESCRIPTION
Extent 323 p.
Other physical details il.
Dimensions 23 cm.
440 #0 - SERIES STATEMENT/ADDED ENTRY--TITLE
Title Colección vitral
9 (RLIN) 36910
504 ## - BIBLIOGRAPHY, ETC. NOTE
Bibliography, etc. note Incluye referencias bibliográficas : páginas. 321-323.
505 ## - FORMATTED CONTENTS NOTE
Formatted contents note La independencia del banco central y la democracia en América Latina. -- El Banco de la República como institución independiente. -- El Banco de la República y el régimen de meta de inflación. --Los equilibrios macroeconómicos y el Banco de la República a fines del siglo XX. -- Constitución y modelo económico. -- La Corte Constitucional y el emisor. -- Los fallos del juez constitucional: el caso de la capitalización de interés. -- Formas de pensar jurídicas y económicas. -- Oportunidades y riesgos de la globalización para Colombia. -- Barreras del desarrollo financiero: las instituciones monetarias colombiana
520 0# - SUMMARY, ETC.
Summary, etc. EN ESTA COMPILACIÓN de ensayos sobre banca central e historia económica de Colombia, Salomón Kalmanovitz investiga cuáles han sido las reglas de juego que ha obedecido el Banco de la República en sus diferentes fases, desde su fundación en 1923, pasando por las reformas conservadoras de 1951 hasta el presente y los efectos que ha tenido en los distintos mercados que le corresponde regular y sobre los balances macro-económicos. Hay también un capítulo sobre el Banco Nacional y la Regeneración que muestra su fracaso a partir de unos excesos crecientes de emisión monetaria que le hicieron perder toda credibilidad al banco y al gobierno de esa época. Se expone en forma clara la forma de funcionamiento actual del Banco de la República con su régimen de inflación-objetivo, que combina la búsqueda de la estabilidad de precios con el máximo crecimiento económico posible: se mantiene una emisión monetaria moderada, acorde con las necesidades de decisiones tomadas por el banco emisor.
610 24 - SUBJECT ADDED ENTRY--CORPORATE NAME
Corporate name or jurisdiction name as entry element Banco de la República
General subdivision Historia
Chronological subdivision Siglo XX
9 (RLIN) 38888
650 14 - SUBJECT ADDED ENTRY--TOPICAL TERM
Topical term or geographic name entry element Bancos centrales
General subdivision Historia
Geographic subdivision Colombia
9 (RLIN) 38889
650 24 - SUBJECT ADDED ENTRY--TOPICAL TERM
Topical term or geographic name entry element Economía colombiana
General subdivision Historia
9 (RLIN) 38890
942 ## - ADDED ENTRY ELEMENTS (KOHA)
Source of classification or shelving scheme Dewey Decimal Classification
Koha item type Books
Existencias
Withdrawn status Lost status Source of classification or shelving scheme Damaged status Not for loan Home library Current library Shelving location Date acquired Source of acquisition Full call number Barcode Date last seen Price effective from Koha item type
    Dewey Decimal Classification     Biblioteca Pública José María del Castillo y Rada Biblioteca Pública José María del Castillo y Rada General Stacks 04/15/2018 Donación 332.11 / k145E 430002343 05/16/2024 03/10/2021 Books